El arte en la tauromaquía (Record no. 26004)

MARC details
000 -LEADER
campo de control de longitud fija 00774nam a2200217 i 4500
001 - NÚMERO DE CONTROL
campo de control 26004
003 - IDENTIFICADOR DE NÚMERO DE CONTROL
campo de control ES-MaACL
005 - FECHA Y HORA DE LA ÚLTIMA TRANSACCIÓN
campo de control 20260213184204.0
007 - CAMPO FIJO DE DESCRIPCIÓN FÍSICA--INFORMACIÓN GENERAL
campo de control de longitud fija t|
008 - DATOS DE LONGITUD FIJA--INFORMACIÓN GENERAL
campo de control de longitud fija 030107s1918 sp f c |||| | spa d
245 03 - MENCIÓN DEL TÍTULO
Título El arte en la tauromaquía
Resto del título : catálogo de la exposición /
Mención de responsabilidad, etc. [por el conde de las Almenas].
260 ## - PUBLICACIÓN, DISTRIBUCIÓN, ETC.
Lugar de publicación, distribución, etc. Madrid :
Nombre del editor, distribuidor, etc. Blass y Cía.,
Fecha de publicación, distribución, etc. 1918.
300 ## - DESCRIPCIÓN FÍSICA
Extensión 77 p., XL p. de lám. ;
Dimensiones 24 cm.
500 ## - NOTA GENERAL
Nota general Índices.
650 #4 - PUNTO DE ACCESO ADICIONAL DE MATERIA--TÉRMINO DE MATERIA
Término de materia o nombre geográfico como elemento de entrada Corridas de toros-
Subdivisión general En el arte-
Subdivisión de forma Exposiciones.
9 (RLIN) 151512
655 #7 - TERMINO DE INDIZACIÓN--GENERO/FORMA
Fuente del término tgfbne
9 (RLIN) 193628
Datos o término principal de género/forma Catálogos de exposiciones
700 1# - ENTRADA AGREGADA--NOMBRE PERSONAL
Nombre de persona Almenas, José María de Palacio y Abarzuza,
Títulos y otros términos asociados al nombre Conde de las,
Fechas asociadas al nombre 1866-1940
9 (RLIN) 140883
852 ## - LOCALIZACIÓN
Ubicación ES-MaACL
Número de control de estantería C-28991
Nota libre . - Donat. José Antonio Llardent
942 ## - ELEMENTOS DE ENTRADA SECUNDARIOS (KOHA)
Fuente del sistema de clasificación o colocación Clasificación decimal universal
Holdings
Estatus retirado Estado de pérdida Estado de daño No para préstamo Biblioteca de origen Biblioteca actual Ubicación en estantería Fecha de adquisición Fuente de adquisición Total de préstamos Signatura topográfica completa Código de barras Visto por última vez Precio de reemplazo Tipo de ítem Koha
        Biblioteca del Ateneo de Madrid Biblioteca del Ateneo de Madrid Depósito 2 17/01/2008     C-28991 1026835 23/02/2023 23/02/2023 Libro impreso